| 000 | 00416nam a2200145Ia 4500 | ||
|---|---|---|---|
| 005 | 20251222125350.0 | ||
| 008 | 251222s1900||||xx |||||||||||||| ||spa|| | ||
| 020 | _a9972-221-28-8 | ||
| 082 | _aCD346.013/M56 | ||
| 100 | _aMujica Petit, Javier | ||
| 245 | 0 | _aLos Derechos de las Personas con Discapacidad en la Legislación Comparada | |
| 250 | _a1a.ed | ||
| 264 | _bCongreso de la República del Perú | ||
| 942 | _cCD | ||
| 999 |
_c2692 _d2692 |
||